000 00893nam a2200325 a 4500
003 AR-BaBNM
005 20251128203351.0
008 082120s2002 ||||||||||||||000 | spa||
040 _cAR-BaBNM
100 1 _aJofré Barroso, Haydée M.
245 0 0 _aEsquema histórico de la literatura brasileña
260 _aBuenos Aires
_bNova
_c1959
300 _a170 p.
490 0 _aCompendios Nova de iniciación cultural
_vv. 33
500 _aContiene referencias bibliográficas en p. 169
650 4 _aROMANTICISMO
650 4 _aHISTORIA LITERARIA
650 4 _aLITERATURA LATINOAMERICANA
650 4 _aARTE DE VANGUARDIA
653 _aLITERATURA BRASILEÑA
653 _aEPOCA COLONIAL
653 _aBARROCO
653 _aNEOCLASICISMO
653 _aMODERNISMO
653 _aNATURALISMO
653 _aSIMBOLISMO
655 _aLITERATURA
942 _cBK
998 _cMARTIN
999 _c3062
_d3062